000 00425nam a22001697a 4500
003 CEME
005 20210628202236.0
008 210301b xxu||||| |||| 00| 0 eng d
040 _c.
082 _a891.4393 NAS
100 _aNasim Hijazi
_91042
245 _aGum shudda kaflaay
260 _aLAHORE
_bJEHNGIR BOOK DEPO
_c2002
300 _a621P
650 _aURDU ADAB-NOVEL-GUM SHUDDA KAFLAAY.
_958965
942 _cBK
_2ddc
999 _c569029
_d569029